Movies Quiz

Random Movies or Clickable Quiz

Pick the Kathy Bates Movie Quiz Stats

 Plays Quiz Updated Jan 15, 2019

Score 0/16 Timer 03:00
0 Plays Today
Question Answer Wrong Answers
Which one of these films stars Kathy Bates? Misery
92.7%
Sweet and Lowdown
1%
Juno
2%
Quills
1.2%
Which one of these films stars Kathy Bates? Fried Green Tomatoes
87.4%
The Sixth Sense
2.2%
Children of Men
4%
Donnie Darko
3%
Which one of these films stars Kathy Bates? Dolores Claiborne
84%
The Game
4.4%
Napoleon Dynamite
2.2%
The Deer Hunter
5.9%
Which one of these films stars Kathy Bates? Titanic
75.6%
American History X
7%
Mad Max Fury Road
2.4%
Sophie's Choice
11.8%
Which one of these films stars Kathy Bates? Charlotte's Web
68.2%
Jerry Maguire
11.9%
Ex Machina
10.1%
Dances with Wolves
6.2%
Which one of these films stars Kathy Bates? About Schmidt
67.8%
Princess Mononoke
4.3%
Frances Ha
9.4%
Adaptation.
14.6%
Which one of these films stars Kathy Bates? Failure to Launch
66.5%
Terminator 2: Judgment Day
1.9%
Inception
7.3%
The Postman Always Rings Twice
20.7%
Which one of these films stars Kathy Bates? Midnight in Paris
65.4%
Clueless
12.8%
Star Wars: The Force Awakens
2.6%
King Kong
15.6%
Which one of these films stars Kathy Bates? The Waterboy
63.9%
The Iron Giant
4.3%
Ratatouille
4.1%
August: Osage County
24.1%
Which one of these films stars Kathy Bates? Primary Colors
62.4%
Beauty and the Beast
8.2%
Zodiac
10.7%
Cape Fear
15%
Which one of these films stars Kathy Bates? Tammy
60.7%
Goodfellas
5.5%
Snowpiercer
16.1%
London Has Fallen
14%
Which one of these films stars Kathy Bates? P.S. I Love You
57.5%
Trainspotting
9.1%
The Notebook
22.2%
The Fifth Element
7.8%
Which one of these films stars Kathy Bates? Fred Claus
53.7%
Rushmore
33.2%
Inglourious Basterds
6.8%
The Dark Knight
2.8%
Which one of these films stars Kathy Bates? The Blind Side
52.6%
Richard III
20.9%
Amelie
9.5%
Scent of a Woman
13.4%
Which one of these films stars Kathy Bates? Revolutionary Road
44.7%
Election
27.4%
Bridesmaids
11.9%
Tootsie
12.3%
Which one of these films stars Kathy Bates? The Day the Earth Stood Still
26.8%
The Crying Game
22.7%
The Pursuit of Happyness
30.6%
Heat
16.1%

You're not logged in!

Compare scores with friends on all Sporcle quizzes.
OR
Log In

Sporcle TV

Today on Sporcle TV


Watch our educational content, quiz creation guides, and fun videos on Sporcle TV.

Show Comments

Extras

Top Quizzes Today


Score Distribution

Your Account Isn't Verified!

In order to create a playlist on Sporcle, you need to verify the email address you used during registration. Go to your Sporcle Settings to finish the process.

Report this User

Report this user for behavior that violates our Community Guidelines.

Details: